000 00568nam a2200181 i 4500
001 48504
003 ES-MaACL
005 20230906161749.0
007 t|
008 030821s1855 sp ||||1| spa d
080 _a27-549-287
100 1 _aDelgado, José.
_943411
245 1 0 _aSermón de la Eucaristía :
_bpronunciado en la Real Capilla en la dominica infraoctava del Corpus /
_cpor el Doctor Don José Delgado.
260 _aMadrid :
_bAguado,
_c1855.
300 _a19 p. ;
_c26 cm.
650 4 _aEucaristía-
_vSermones.
_9175841
852 4 _aES-MaACL
_jT-30-F-4
999 _c48504
_d48504